[Event "3.RSCO"]
[Site "Rostock"]
[Date "2004.??.??"]
[Round "2"]
[White "Risc 2, Mephisto"]
[Black "Magellan, Mephisto"]
[Result "0-1"]
[WhiteElo "2245"]
[BlackElo "2195"]
[Annotator "Völschow,Michael"]
[PlyCount "82"]
[EventDate "2003.??.??"]
[EventRounds "10"]
[EventCountry "GER"]
[SourceDate "2003.03.19"]

1. d4 e6 2. c4 Nf6 3. Nf3 d5 4. Nc3 c6 5. e3 Nbd7 6. Bd3 Bd6 7. O-O O-O 8. e4
dxc4 9. Bxc4 e5 10. Bg5 {*} Qe7 {*} 11. d5 b5 12. Be2 b4 13. dxc6 bxc3 14. cxd7
Qxd7 15. Bxf6 cxb2 16. Rb1 gxf6 17. Rxb2 Rd8 18. Qd3 Rb8 19. Rxb8 Bxb8 20. Qe3
Qa4 21. Qh6 Rd6 22. Rc1 Bd7 23. Ng5 $2 {Mit +0,18 gespielt. Nur was soll das?
Der Risc plant wohl Material zurückzugewinnen.} fxg5 24. Qxg5+ Rg6 25. Qd8+ Kg7
26. Qxb8 Qxe4 27. Bf1 Bc6 {Tja, und genau an diesem Zug scheitet die ganze
Sache und bringt den Risc in Nachteil.} 28. Rxc6 {-1,00 Jetzt hat es auch der
Risc erkannt.} Rxc6 29. Qxa7 Rc1 {+1,7} 30. Qa6 Rc2 31. Qd6 Qf4 32. Qb6 Rxa2
33. Qe3 Qxe3 34. fxe3 h6 35. h3 Kf6 36. Bc4 Rd2 37. h4 Kf5 38. Bxf7 Ke4 39. g4
Kf3 40. Bh5 Rg2+ 41. Kf1 Rh2 0-1

[Event "3.RSCO"]
[Site "Rostock"]
[Date "2004.??.??"]
[Round "3"]
[White "Magellan, Mephisto"]
[Black "Risc 2, Mephisto"]
[Result "1/2-1/2"]
[WhiteElo "2195"]
[BlackElo "2245"]
[Annotator "Völschow,Michael"]
[PlyCount "122"]
[EventDate "2003.??.??"]
[EventRounds "10"]
[EventCountry "GER"]
[SourceDate "2003.03.19"]

1. e4 e5 2. Nf3 Nf6 3. Nxe5 d6 4. Nf3 Nxe4 5. d4 d5 6. Bd3 Bd6 7. O-O O-O 8. c4
{*} c6 9. Nc3 Nxc3 10. bxc3 dxc4 11. Bxc4 Bg4 {*} 12. Re1 Nd7 13. h3 Bf5 14.
Bg5 Qa5 15. Qb3 b5 16. Bd5 Qc7 17. Be4 Be6 18. Qc2 h6 19. Bh4 Rae8 20. a4 Nb6
21. axb5 cxb5 22. Bd3 b4 23. Bh7+ Kh8 24. cxb4 Qxc2 25. Bxc2 Bxb4 26. Re5 a5
27. Rb5 Nd5 28. Rb7 Nc3 29. Bd3 Bd5 30. Rc7 Bxf3 31. gxf3 Rc8 32. Rd7 f6 33.
Bg3 Rfd8 34. Ra7 Rxd4 35. Bf5 Re8 36. Bg6 Rf8 37. Kg2 Rc8 38. Bf5 Rg8 39. Be6
Re8 40. Bf7 Rc8 41. Bg6 Rd5 42. Be4 Rdc5 43. Rb7 f5 44. Bc2 f4 45. Bh2 Rg5+ 46.
Kf1 Rh5 47. Kg2 g6 48. Bb3 Rf8 49. Bc2 Re5 50. Rb6 Rg5+ 51. Kf1 Rh5 52. Kg2 g5
53. Rb7 Rd8 54. Re1 Nb5 55. Re5 Nd4 56. Be4 Rh4 57. Rh7+ Kg8 58. Rb7 {0,00} Kh8
59. Rh7+ Kg8 60. Rb7 Kh8 61. Rh7+ Kg8 1/2-1/2

[Event "3.RSCO"]
[Site "Rostock"]
[Date "2004.??.??"]
[Round "4"]
[White "Risc 2, Mephisto"]
[Black "Magellan, Mephisto"]
[Result "1-0"]
[WhiteElo "2245"]
[BlackElo "2195"]
[Annotator "Völschow,Michael"]
[PlyCount "97"]
[EventDate "2003.??.??"]
[EventRounds "10"]
[EventCountry "GER"]
[SourceDate "2003.03.19"]

1. e4 e6 2. d4 d5 3. Nd2 c5 4. exd5 Qxd5 5. Ngf3 cxd4 6. Bc4 Qd6 7. O-O Nf6 8.
Nb3 Nc6 9. Nbxd4 Nxd4 {*} 10. Qxd4 Qxd4 11. Nxd4 {*} Bd7 12. Bd3 Rd8 13. Bg5
Ba4 14. Bxf6 gxf6 15. Nb3 f5 16. Rad1 Rg8 17. Rfe1 Bc6 18. g3 Bg7 19. c3 Bf3
20. Rd2 Bh6 21. Bb5+ Bc6 22. Bxc6+ bxc6 23. Rdd1 Rd5 24. c4 Rxd1 25. Rxd1 Ke7
26. Na5 Rc8 27. c5 Bf8 28. b4 Ke8 29. Kf1 Rc7 30. Ke2 f6 31. a4 e5 32. h4 h6
33. h5 Rc8 34. Rd3 Be7 35. Kd2 Bd8 36. Nc4 Bc7 37. b5 (37. Rd6 $1 Bxd6 38.
Nxd6+ Kd8 39. Nxc8 Kxc8 40. b5 $18) 37... cxb5 38. axb5 Rb8 39. Rb3 Kd7 40. Kc3
Ke6 41. Kb4 Rd8 42. Ra3 Rd4 {-0,2 ??? Der Magellan hat mal wieder keine Ahnung
von diesem Endspiel. Weiß ist klar im Vorteil.} 43. Rxa7 Kd5 44. Rxc7 {+2,24}
Rxc4+ 45. Ka5 Rc2 46. Rd7+ Ke6 47. c6 Rxf2 48. Rd8 Rc2 49. Kb6 {+3,88} 1-0

[Event "3.RSCO"]
[Site "Rostock"]
[Date "2004.??.??"]
[Round "5"]
[White "Magellan, Mephisto"]
[Black "Risc 2, Mephisto"]
[Result "1/2-1/2"]
[WhiteElo "2195"]
[BlackElo "2245"]
[Annotator "Völschow,Michael"]
[PlyCount "93"]
[EventDate "2003.??.??"]
[EventRounds "10"]
[EventCountry "GER"]
[SourceDate "2003.03.19"]

1. c4 c6 2. d4 d5 3. Nc3 e5 4. cxd5 cxd5 5. Nf3 e4 6. Ne5 {*} f6 7. Qa4+ Nd7 8.
Ng4 Kf7 {*} 9. Nxd5 Nb6 10. Nxb6 Qxb6 11. Ne3 Bb4+ 12. Bd2 Bxd2+ 13. Kxd2 Qxb2+
14. Nc2 Be6 15. Qa3 (15. Qb4 Qxb4+ 16. Nxb4 Ne7) 15... Qxa3 16. Nxa3 Ne7 17. e3
Rhc8 18. Nb5 Rc6 19. Be2 a6 20. Nc3 f5 21. g4 Rac8 22. Rac1 b5 23. gxf5 Bxf5
24. f3 exf3 25. Bxf3 Rf6 26. Nd5 Rh6 27. Nc7 Rd8 28. Ke2 Bh3 29. Rc5 Rdd6 30.
Rg1 Be6 31. e4 Rxh2+ 32. Ke3 Rxa2 33. Rxg7+ {-0,2} (33. d5) 33... Kxg7 {+0,54}
34. Ne8+ Kg8 35. Nxd6 Ng6 36. Rc7 Ra3+ 37. Kf2 b4 38. Ne8 Kf8 39. Nf6 h6 40.
Bh5 Ra2+ 41. Ke3 Ra3+ 42. Kf2 Bf7 43. Nd7+ Kg8 44. Nf6+ Kf8 45. Nd7+ Kg8 46.
Nf6+ Kf8 47. Nd7+ 1/2-1/2

[Event "3.RSCO"]
[Site "Rostock"]
[Date "2004.??.??"]
[Round "6"]
[White "Risc 2, Mephisto"]
[Black "Magellan, Mephisto"]
[Result "1/2-1/2"]
[WhiteElo "2245"]
[BlackElo "2195"]
[Annotator "Völschow,Michael"]
[PlyCount "73"]
[EventDate "2003.??.??"]
[EventRounds "10"]
[EventCountry "GER"]
[SourceDate "2003.03.19"]

1. c4 c5 2. Nc3 Nc6 3. Nf3 Nf6 4. g3 {*} d5 5. cxd5 Nxd5 6. Bg2 Nc7 7. O-O e5
8. d3 Bd7 {*} 9. Bg5 Be7 10. Bxe7 Qxe7 11. Rc1 O-O 12. Nd2 Rab8 13. e3 b6 14.
a3 Rbd8 15. Nc4 Be8 16. f4 exf4 17. exf4 Qf6 18. Re1 Bd7 19. Ne5 Nxe5 20. fxe5
Qg6 21. b4 cxb4 22. axb4 Bg4 23. Qa4 Qxd3 24. Qxa7 Qd4+ 25. Kh1 Rd7 26. Qa1 Qd3
27. Ne4 Bf3 28. Qc3 Bxg2+ 29. Kxg2 Qxc3 30. Rxc3 Nd5 31. Rc4 b5 32. Rc5 Nxb4
33. Rxb5 Nd3 34. Re2 Rfd8 35. Nf2 Kf8 36. e6 fxe6 37. Rxe6 1/2-1/2

[Event "3.RSCO"]
[Site "Rostock"]
[Date "2004.??.??"]
[Round "7"]
[White "Magellan, Mephisto"]
[Black "Risc 2, Mephisto"]
[Result "1-0"]
[WhiteElo "2195"]
[BlackElo "2245"]
[Annotator "Völschow,Michael"]
[PlyCount "59"]
[EventDate "2003.??.??"]
[EventRounds "10"]
[EventCountry "GER"]
[SourceDate "2003.03.19"]

1. d4 d5 2. c4 c6 3. Nf3 e6 4. Nc3 dxc4 5. a4 Bb4 6. e3 b5 7. Bd2 Bb7 8. axb5
Bxc3 9. Bxc3 cxb5 10. b3 a5 11. bxc4 b4 12. Bb2 Nf6 13. Bd3 {*} Nbd7 14. O-O
O-O {*} 15. Re1 Bc6 16. e4 a4 $6 {Der erste Fehlgriff. Das weiße Zentrum ist
zu stark, um es einfach zu ignorieren. Der Gegenstoß am Damenflügel kommt zu
einem falschen Zeitpunkt.} 17. d5 {Und er Magellan läßt sich solch eine Chance
nicht entgehen. Diese Partie ist für den RISC verloren.} Nc5 18. Bd4 Nb3 19.
dxc6 Nxd4 20. Nxd4 Qxd4 21. e5 Rad8 22. c7 {+0,8} Rd7 23. exf6 {+2,0} Qxd3 {-0,
52} 24. Qxd3 Rxd3 25. Red1 Rc3 26. Rxa4 Rxc4 27. Ra8 gxf6 28. Rxf8+ Kxf8 29.
Rd8+ Kg7 30. c8=Q 1-0

[Event "3.RSCO"]
[Site "Rostock"]
[Date "2004.??.??"]
[Round "8"]
[White "Risc 2, Mephisto"]
[Black "Magellan, Mephisto"]
[Result "1-0"]
[WhiteElo "2245"]
[BlackElo "2195"]
[Annotator "Völschow,Michael"]
[PlyCount "97"]
[EventDate "2003.??.??"]
[EventRounds "10"]
[EventCountry "GER"]
[SourceDate "2003.03.19"]

1. e4 c5 2. Nf3 Nc6 3. d4 cxd4 4. Nxd4 Nf6 5. Nc3 e5 6. Ndb5 d6 7. Bg5 a6 8.
Na3 Be6 9. Nc4 {*} Nd4 10. f4 (10. Bxf6 Qxf6 11. Nb6 Rb8 12. Ncd5 Qd8 13. c3
Nc6 14. Qa4 Bxd5 15. Nxd5) 10... Rc8 11. fxe5 $2 (11. Ne3 h6 12. Bh4) 11...
dxe5 12. Nxe5 Qb6 13. Bxf6 Qxb2 14. Qxd4 gxf6 {Schade. Der Magellan vergibt
die Möglichkeit, schon jetzt klar in Vorteil zu kommen.} (14... Bb4 $1 $19 15.
Nc6 Qxa1+ 16. Kd2 Ba3 17. Bxg7 Rxc6 18. Nd5 Qc1+ 19. Ke2 Bg4+ 20. Kf2 Bc5) 15.
Rb1 Qxc3+ 16. Qxc3 Rxc3 {+1,0} 17. Nf3 b5 18. a4 bxa4 19. Kd2 Rc6 20. Nd4 Rd6
21. Kc3 a3 22. Rb8+ Kd7 23. Be2 a2 24. Rb7+ Kc8 25. Ra7 Rg8 26. Nxe6 fxe6 27.
g3 Rg5 $2 (27... f5 28. Kb2 fxe4 29. Rf1 Kb8 30. Rff7 $11) 28. Ra8+ Kd7 29.
Rxf8 Rc5+ 30. Kb2 Rb6+ {-0,9} 31. Ka1 Rxc2 32. Bh5 Kd6 33. Rxf6 Rcb2 34. Rff1
Ke5 35. Bg4 Rd2 36. Rc1 Rf2 37. Rc4 Rfb2 38. Rc6 Rxc6 39. Kxb2 Rd6 40. Kxa2 Rd4
41. Bf3 Rd2+ 42. Kb1 Rf2 43. Bd1 Kxe4 44. Bc2+ Kf3 45. Bxh7 a5 46. Bd3 Kg2 47.
Re1 Kxh2 48. g4 Rg2 49. Re2 1-0

[Event "3.RSCO"]
[Site "Rostock"]
[Date "2004.??.??"]
[Round "9"]
[White "Magellan, Mephisto"]
[Black "Risc 2, Mephisto"]
[Result "1/2-1/2"]
[WhiteElo "2195"]
[BlackElo "2245"]
[Annotator "Völschow,Michael"]
[PlyCount "134"]
[EventDate "2003.??.??"]
[EventRounds "10"]
[EventCountry "GER"]
[SourceDate "2003.03.19"]

1. d4 d5 2. Nf3 Nf6 3. c4 c6 4. cxd5 cxd5 5. Nc3 Nc6 6. Bf4 Bf5 {*} 7. Qb3 Na5
8. Qa4+ {*} Bd7 9. Qd1 e6 10. e3 Rc8 (10... Be7 11. Bd3 O-O 12. O-O Qb6 13. Qe2
Rfc8 14. Ne5 Be8 15. Rac1 Qd8 16. Rc2 Nc6 17. a3 Nxe5 18. Bxe5) 11. Rc1 Bb4 12.
Bg5 Bxc3+ 13. bxc3 h6 14. Bxf6 gxf6 15. Nd2 Qe7 16. Be2 Qa3 17. Rc2 Rg8 18. Bf3
(18. O-O) 18... Bb5 19. Qc1 Qa4 (19... Qxc1+ 20. Rxc1) 20. Qb2 Bd3 21. Rc1 b6
22. e4 Rc7 23. Rg1 Qc6 (23... Kf8 24. Rd1 Qe8 25. Be2 dxe4 26. f3 f5) 24. exd5
exd5 25. Qb4 Re7+ 26. Kd1 Qd7 27. h3 Kd8 28. Ra1 Rge8 29. Kc1 Kc7 30. Bg4 f5
31. Bh5 Kb8 32. Bf3 f4 33. Kb2 Re6 34. Bg4 f5 35. Bf3 a6 36. Rgd1 R8e7 37. Nb3
Nxb3 38. axb3 Be2 39. Re1 Bxf3 40. Rxa6 {0,00} Bxg2 {+1,24} 41. Rxe6 Rxe6 42.
Rxb6+ Rxb6 43. Qxb6+ Kc8 44. Qa6+ Kc7 45. Qa7+ Kd8 46. Qb6+ Qc7 47. Qxh6 Be4
48. h4 Kc8 49. h5 Kb7 50. Qf8 f3 51. h6 f4 52. c4 dxc4 53. bxc4 Bd3 $2 (53...
Qxc4 54. Qe7+ Kb6 55. Qxe4 Qb4+ 56. Kc2 Qa4+ 57. Kc3 Qa3+ 58. Kd2 Qa5+ 59. Kd1
Qa1+ 60. Kd2 Qa5+) 54. c5 Qa5 55. Qf7+ Kc6 56. Kb3 Qa1 $4 57. Qe6+ (57. d5+ $1
{Gewinnt sofort.} Kxc5 58. Qc7+ Kb5 59. Qb7+ Kc5 60. Qc6+ Kd4 61. Qf6+) 57...
Kc7 58. Qd6+ Kc8 59. Qc6+ Kd8 60. Qf6+ Ke8 61. Qe5+ Kd8 62. Qb8+ Ke7 63. Qd6+
Ke8 64. Qe6+ Kd8 65. Qb6+ Ke7 66. Qc7+ Ke8 67. Qxf4 Qb1+ 1/2-1/2

[Event "3.RSCO"]
[Site "Rostock"]
[Date "2004.??.??"]
[Round "10"]
[White "Risc 2, Mephisto"]
[Black "Magellan, Mephisto"]
[Result "1/2-1/2"]
[WhiteElo "2245"]
[BlackElo "2195"]
[Annotator "Völschow,Michael"]
[PlyCount "109"]
[EventDate "2003.??.??"]
[EventRounds "10"]
[EventCountry "GER"]
[SourceDate "2003.03.19"]

1. e4 e5 2. Nf3 Nc6 3. Bb5 a6 4. Ba4 Nf6 5. O-O Be7 6. Re1 b5 7. Bb3 O-O 8. c3
d6 9. h3 Na5 10. Bc2 c5 11. d4 {*} Nd7 {*} 12. b4 cxb4 13. cxb4 Nc6 14. a3 exd4
15. Bb2 Bb7 16. Nxd4 Nxd4 17. Bxd4 Rc8 18. Nc3 Bf6 19. Bxf6 Nxf6 20. Qd2 Qc7
21. Re3 Rfe8 22. Rae1 Nd7 23. Rd1 Ne5 24. Bb3 Nc4 25. Bxc4 bxc4 26. Qxd6 Red8
27. Qxc7 Rxd1+ 28. Nxd1 Rxc7 29. f3 Kf8 30. Rc3 Bc8 31. Ne3 Be6 32. Kf2 Ke7 33.
f4 f6 34. g4 g5 35. fxg5 fxg5 36. e5 Rc8 37. Nf5+ Bxf5 38. gxf5 {+1,67} Rf8 39.
Rf3 c3 40. Ke2 h5 41. Rf1 c2 42. Kd2 g4 43. hxg4 hxg4 44. Kxc2 g3 45. Kd2 (45.
Kb3 g2 46. Rg1 Rxf5 47. Rxg2 Rxe5 48. Rg6) 45... g2 46. Rg1 Rxf5 47. Rxg2 Rxe5
{-0,9} 48. Re2 {+2,02 Der RISC 2 sieht sich nach diesem Zug klar im Vorteil.
Das Problem ist nur, dass die Partie jetzt definitiv Remis ist. Hier fehlt das
Endspielwissen.} Rxe2+ 49. Kxe2 Kd6 50. a4 Ke6 51. Kd3 Kd7 52. Kd4 Kd6 53. Kc4
{+2,94 ???} Kc6 54. b5+ axb5+ 55. axb5+ {Und jetzt hat es auch der RISC
kapiert.} 1/2-1/2

[Event "3.RSCO"]
[Site "Rostock"]
[Date "2004.??.??"]
[Round "1"]
[White "Star Diamond, Novag"]
[Black "London 32 Bit, Mephisto"]
[Result "1/2-1/2"]
[WhiteElo "2161"]
[BlackElo "2227"]
[Annotator "Völschow,Michael"]
[PlyCount "154"]
[EventDate "2003.??.??"]
[EventRounds "10"]
[EventCountry "GER"]
[SourceDate "2003.03.19"]

1. c4 e5 2. Nc3 Nf6 3. Nf3 Nc6 4. g3 d5 5. cxd5 Nxd5 6. Bg2 Nb6 7. O-O Be7 8.
d3 O-O 9. a3 Be6 10. b4 a5 11. b5 Nd4 12. Nd2 c6 13. bxc6 {*} Nxc6 14. Bxc6 $2
{DEN sollte man eigentlich nicht verschenken, zumal der weißfeldrige schwarze
Läufer noch auf dem Brett sein Unwesen treibt.} bxc6 15. Nf3 Nd7 16. d4 Bh3 17.
Re1 exd4 18. Nxd4 Bc5 19. Be3 Re8 20. Bf4 Ne5 (20... Qf6 21. Nb3 Qxc3 22. Rc1
Bxf2+ 23. Kxf2 Qb2) 21. Nb3 Bb6 22. Na4 Ng6 23. Qxd8 Bxd8 24. Bd6 Re6 25. Rad1
Bg4 26. Nac5 Re8 27. f3 Bh3 28. e4 Bb6 29. a4 Ne5 30. Re3 Rad8 31. Rd4 f6 32.
g4 h6 33. Rc3 Nf7 34. Bg3 Ne5 35. Bf2 Kh8 36. f4 Ng6 37. Rxh3 Nxf4 38. Rxd8
Nxh3+ 39. Kg2 Nf4+ 40. Kf3 Rxd8 41. Kxf4 Rd1 42. Kf3 Rf1 43. h4 Rb1 44. Be3 Rb2
45. g5 fxg5 46. hxg5 hxg5 47. Bxg5 Kh7 48. e5 Kg6 49. Be3 Rh2 50. e6 Rh4 51.
Ke2 Bxc5 52. Nxc5 Kf6 53. Bd2 Rc4 54. Bg5+ Kf5 55. e7 {+2,69} Rxc5 56. e8=Q
Re5+ 57. Qxe5+ Kxe5 58. Bd8 Kd4 {-0,36} 59. Bxa5 {+3,26} Kc4 60. Bc3 Kc5 61.
Kf3 Kb6 62. Kf4 Ka6 63. Kf5 c5 64. Kg6 Kb7 65. Kxg7 $11 {Das Endspiel ist
Remis, da der Läufer nicht das Umwandlungsfeld kontrolliert. Mal schauen, ob
der Star dieses Endspiel kennt.} Kc6 {+6,03 Er kennt es nicht.} 66. Kf6 Kd6 67.
Bd2 Kd5 {So langsam scheint es, als ob der London nicht weis was er tut. Der
schwarze König muss Richtung a8 maschieren.} 68. a5 Kd6 69. Kf5 c4 70. Ke4 Kc6
71. Kd4 c3 72. Bxc3 Kb7 73. Kc5 Ka7 74. Kb5 Kb7 75. Bd4 Kc7 76. a6 Kb8 77. Kc6
{Mit +7,15 gespielt. Schon komisch, da die Hauptvariante des Star den
richtigen Weg aufzeigt.} Ka8 {Ok, der London hat es begriffen, obwohl seine
Bewertung bei -1,06 liegt.} 1/2-1/2

[Event "3.RSCO"]
[Site "Rostock"]
[Date "2004.??.??"]
[Round "2"]
[White "London 32 Bit, Mephisto"]
[Black "Star Diamond, Novag"]
[Result "1/2-1/2"]
[WhiteElo "2227"]
[BlackElo "2161"]
[Annotator "Völschow,Michael"]
[PlyCount "66"]
[EventDate "2003.??.??"]
[EventRounds "10"]
[EventCountry "GER"]
[SourceDate "2003.03.19"]

1. d4 d5 2. c4 dxc4 3. Nf3 Nf6 4. e3 Bg4 5. Bxc4 e6 6. h3 Bh5 7. O-O {*} Nbd7
8. Nc3 Bd6 9. e4 e5 10. Be2 O-O 11. Be3 Re8 12. Nxe5 (12. d5 Bg6 13. Nd2 Bc5
14. Bxc5 Nxc5 15. Bb5 Re7 16. Re1 Rc8 17. b4 c6 18. bxc5 cxb5 19. Nb3 b4 20. d6
Rd7) 12... Bxe2 13. Qxe2 Nxe5 14. dxe5 Bxe5 15. f3 Qe7 16. Qc4 Rad8 17. Rac1
Rd7 18. Rfd1 Red8 19. Rxd7 Rxd7 20. Qb3 c5 21. Rd1 Rxd1+ 22. Nxd1 h6 23. Nc3 b6
24. Kf2 Qc7 25. Qc4 Bf4 26. Qd3 Nh5 27. Ne2 Be5 28. Qd5 Nf6 29. Qa8+ Kh7 30. b3
a5 31. Qa6 Qd8 32. Qb7 Kg8 33. Qc6 Kh8 1/2-1/2

[Event "3.RSCO"]
[Site "Rostock"]
[Date "2004.??.??"]
[Round "3"]
[White "Star Diamond, Novag"]
[Black "London 32 Bit, Mephisto"]
[Result "0-1"]
[WhiteElo "2161"]
[BlackElo "2227"]
[Annotator "Völschow,Michael"]
[PlyCount "154"]
[EventDate "2003.??.??"]
[EventRounds "10"]
[EventCountry "GER"]
[SourceDate "2003.03.19"]

1. d4 d5 2. c4 e6 3. Nc3 Be7 4. Nf3 Nf6 5. Bg5 O-O 6. e3 Nbd7 7. Rc1 c6 8. Bd3
dxc4 9. Bxc4 Nd5 10. Bxe7 Qxe7 11. Ne4 e5 12. dxe5 Nxe5 13. Nxe5 {*} Qxe5 14.
Nc3 Nxc3 15. Rxc3 Be6 16. Qb3 Qg5 17. Bxe6 {0,00} Qxg2 18. Rf1 fxe6 19. Qxe6+ (
19. Qxb7 Rab8 20. Qxc6 Qxc6 21. Rxc6 Rxb2) 19... Kh8 20. Rd3 Rae8 21. Qd7 Qe4
22. a3 a6 23. Rg1 Re7 24. Qd6 Ree8 25. Qc7 Qf3 26. Rf1 Qf6 27. Qxb7 Rb8 28. Qa7
Rxb2 29. Qd4 Rb1+ 30. Rd1 Qxd4 (30... Rxd1+ 31. Qxd1 Qc3+ 32. Ke2 Qxa3) 31.
exd4 Rb3 32. Ke2 Re8+ 33. Kd2 Rd8 34. Ke2 g6 35. a4 Re8+ 36. Kd2 Rh3 37. Rc1
Rd8 38. Rfd1 Rxd4+ 39. Ke1 Rxa4 40. Rxc6 Rxh2 41. Rd8+ Kg7 42. Rd7+ Kh6 43.
Rcc7 Ra1+ {+2,21} 44. Ke2 Ra2+ 45. Ke3 Rh3+ 46. f3 Ra3+ 47. Ke4 Rhxf3 48. Rxh7+
Kg5 49. Rc5+ Rf5 50. Rcc7 Rf4+ 51. Kd5 Ra5+ 52. Ke6 Rf6+ 53. Ke7 Re5+ 54. Kd7
Rb5 55. Ra7 Kf5 56. Rg7 g5 57. Kc7 a5 58. Ra8 Rc5+ 59. Kb7 Rd5 60. Rag8 Kf4 61.
Rc7 Rb5+ 62. Ka7 Rd6 63. Rc4+ Kg3 64. Re8 Rg6 65. Re3+ Kf2 66. Ra3 Rb2 67. Rxa5
g4 68. Rf4+ Kg2 69. Rd4 g3 70. Raa4 Kh2 71. Rh4+ Kg1 72. Ra1+ Kf2 73. Rf4+ Kg2
74. Rf8 Rf2 75. Rd8 Rh6 76. Rg8 Kh2 77. Rd1 g2 {+6,42 Gut gespieltes
Turmendspiel vom London, Test bestanden.} 0-1

[Event "3.RSCO"]
[Site "Rostock"]
[Date "2004.??.??"]
[Round "4"]
[White "London 32 Bit, Mephisto"]
[Black "Star Diamond, Novag"]
[Result "1-0"]
[WhiteElo "2227"]
[BlackElo "2161"]
[Annotator "Völschow,Michael"]
[PlyCount "103"]
[EventDate "2003.??.??"]
[EventRounds "10"]
[EventCountry "GER"]
[SourceDate "2003.03.19"]

1. e4 c5 2. Nf3 d6 3. d4 cxd4 4. Nxd4 Nf6 5. Nc3 a6 6. Be2 e5 7. Nb3 Be7 8. O-O
{*} Be6 {*} 9. Qd3 Nc6 10. Qg3 Nb4 11. Bd1 Bc4 12. Re1 Kf8 $6 (12... h5 13. Nd2
Be6 14. a3 Nc6 15. Qxg7 Rg8 16. Qh6 Bh3 17. g3 Rg6 18. Qe3 h4) 13. Be3 Qd7 14.
a3 Nc6 15. Nd2 Be6 16. Na4 Bd8 17. Nb6 Bxb6 18. Bxb6 Ne7 19. c4 Qc6 20. Qb3 h6
21. Qb4 Nd7 22. Be3 Nc5 23. Bc2 a5 24. Qc3 a4 25. Rf1 b5 26. f4 bxc4 27. fxe5
dxe5 28. Qxe5 Nd7 29. Qg3 Nc5 30. Bd4 Rg8 31. Rac1 Rd8 32. Qf2 Nd7 33. b4 Qa6
34. Nb1 Nc6 35. Nc3 Nxd4 36. Qxd4 Ra8 37. Bxa4 Qb6 38. Rcd1 Qxd4+ 39. Rxd4 Ne5
40. Bb5 Rh8 41. a4 Kg8 $2 (41... Ke7) 42. Nd5 Ra7 43. Nf4 Bc8 44. a5 Kh7 45.
Rd5 f6 46. Rc5 Rd8 47. Nd5 Bd7 48. Bxd7 Rdxd7 49. Ra1 Rd8 50. b5 Kg6 51. b6
Rad7 52. a6 {+4,57} 1-0

[Event "3.RSCO"]
[Site "Rostock"]
[Date "2004.??.??"]
[Round "5"]
[White "Star Diamond, Novag"]
[Black "London 32 Bit, Mephisto"]
[Result "1/2-1/2"]
[WhiteElo "2161"]
[BlackElo "2227"]
[Annotator "Völschow,Michael"]
[PlyCount "77"]
[EventDate "2003.??.??"]
[EventRounds "10"]
[EventCountry "GER"]
[SourceDate "2003.03.19"]

1. e4 e5 2. Nf3 Nc6 3. Bb5 a6 4. Ba4 Nf6 5. O-O Be7 6. Re1 b5 7. Bb3 O-O 8. c3
d5 9. exd5 Nxd5 10. Nxe5 Nxe5 11. Rxe5 c6 12. d4 Bd6 13. Re2 {*} Qh4 14. g3 Qh3
15. Nd2 Bf5 {*} 16. Ne4 Be7 17. Re1 Rfe8 18. Ng5 Bxg5 19. Bxg5 h6 20. Bxd5 cxd5
21. Bf4 Rxe1+ 22. Qxe1 Be4 23. Qf1 Qh5 24. Qd1 Bf3 25. Qe1 Qh3 26. Qf1 Qxf1+
27. Kxf1 Re8 28. a4 Re2 29. axb5 axb5 30. Ra2 Kh7 31. h3 Rc2 32. Kg1 Kg6 33. h4
f6 34. Be3 h5 35. Bf4 Be2 36. Kg2 Bc4 37. Ra7 Rxb2 38. Bd6 Rc2 39. Bb4 1/2-1/2

[Event "3.RSCO"]
[Site "Rostock"]
[Date "2004.??.??"]
[Round "6"]
[White "London 32 Bit, Mephisto"]
[Black "Star Diamond, Novag"]
[Result "1-0"]
[WhiteElo "2227"]
[BlackElo "2161"]
[Annotator "Völschow,Michael"]
[PlyCount "115"]
[EventDate "2003.??.??"]
[EventRounds "10"]
[EventCountry "GER"]
[SourceDate "2003.03.19"]

1. c4 Nf6 2. Nc3 e6 3. Nf3 b6 4. g3 Bb7 5. Bg2 {*} c5 6. O-O Be7 {*} 7. d3 d6
8. Bg5 O-O 9. e4 Nc6 10. h3 Nd7 11. Bxe7 Qxe7 12. d4 cxd4 13. Nxd4 Nde5 14.
Nxc6 Nxc6 15. b3 Rfd8 16. Qd2 Rab8 17. Rad1 a6 18. Qe3 Ba8 19. Rd2 b5 20. cxb5
axb5 21. Rfd1 b4 22. Ne2 Kh8 23. Nd4 Ne5 24. Kh2 Rdc8 25. Ne2 Rc6 26. Qd4 Ng6
27. Kh1 e5 28. Qd3 Qc7 29. Kg1 Bb7 30. Bf3 Ba6 31. Qe3 Rb5 32. Bh5 Bc8 33. Kg2
Rbc5 34. Qf3 Be6 35. Bg4 Bxg4 36. Qxg4 Rc2 37. Qf3 Qd7 38. Qd3 Rxd2 39. Rxd2
Qb7 40. Qd5 Kg8 41. Rc2 Ne7 42. Qa5 f5 43. Rxc6 Qxc6 44. Qxb4 fxe4 45. Qc4+ d5
46. Qxc6 Nxc6 47. Nc3 d4 $6 (47... Ne7) 48. Nxe4 Kf7 49. Kf3 Ke6 50. Ng5+ Kf5
51. Nxh7 e4+ 52. Ke2 Ne5 53. Nf8 Nd3 54. Kf1 Nc5 55. b4 Na4 56. Ke1 (56. Nd7)
56... g5 57. Nd7 Ke6 $4 58. Nc5+ {+6,12} 1-0

[Event "3.RSCO"]
[Site "Rostock"]
[Date "2004.??.??"]
[Round "7"]
[White "Star Diamond, Novag"]
[Black "London 32 Bit, Mephisto"]
[Result "0-1"]
[WhiteElo "2161"]
[BlackElo "2227"]
[Annotator "Völschow,Michael"]
[PlyCount "114"]
[EventDate "2003.??.??"]
[EventRounds "10"]
[EventCountry "GER"]
[SourceDate "2003.03.19"]

1. e4 c6 2. d4 d5 3. exd5 cxd5 4. c4 Nf6 5. Nc3 e6 6. Nf3 Bb4 7. cxd5 Nxd5 {*}
8. Qb3 O-O 9. Bd3 Nc6 10. O-O {*} b6 11. Nxd5 Qxd5 12. Qxd5 exd5 13. Bf4 Bg4
14. Rfc1 Ne7 15. Ne5 Ng6 $6 {Verliert die Qualität.} (15... Be6) 16. Bxg6 fxg6
17. g3 Be6 18. Nc6 Rxf4 19. gxf4 Bd2 20. Rc2 Bxf4 21. Re2 Bg4 22. Re7 Rc8 23.
Ne5 (23. Nxa7) 23... Bxe5 24. dxe5 d4 25. f3 Bxf3 26. Rd7 Bg4 27. Rxd4 Be6 28.
Rf1 Bf5 29. Rdd1 Rc7 30. Rc1 Re7 31. Rfe1 Be6 32. a3 Kf7 33. Kf2 Bd5 34. Rc8 {
+1,26} g5 35. Rd8 Be6 36. Ke3 Bf5 37. Rd5 Rc7 38. Rf1 g6 39. Rd8 $6 $11 (39.
Rf2) 39... Ke6 40. Kd4 Rc2 41. Re8+ Kd7 42. Ra8 Rxh2 43. Rxa7+ Ke6 44. Re1 Rd2+
45. Kc3 Rc2+ 46. Kb3 h5 47. Ra6 Rc6 48. a4 Bd3 49. Ra8 g4 50. Re8+ (50. Rf8 $11
) 50... Kf7 51. Rh8 g3 52. Rg1 Kg7 53. Rd8 Bc2+ 54. Kb4 h4 55. Rd7+ Kh6 56. Rd6
$4 (56. Rd2) 56... Rxd6 57. exd6 Bf5 {+3,84} 0-1

[Event "3.RSCO"]
[Site "Rostock"]
[Date "2004.??.??"]
[Round "8"]
[White "London 32 Bit, Mephisto"]
[Black "Star Diamond, Novag"]
[Result "1-0"]
[WhiteElo "2227"]
[BlackElo "2161"]
[Annotator "Völschow,Michael"]
[PlyCount "115"]
[EventDate "2003.??.??"]
[EventRounds "10"]
[EventCountry "GER"]
[SourceDate "2003.03.19"]

1. Nf3 d5 2. g3 Nf6 3. c4 e6 4. Bg2 Be7 5. O-O {*} O-O {*} 6. cxd5 exd5 7. d4
Nc6 8. Nc3 Bf5 9. Bg5 Re8 10. e3 Ne4 11. Bxe7 Rxe7 12. Qb3 Nxc3 13. bxc3 Na5
14. Qb4 c6 15. Nh4 Be6 16. Rfe1 Nc4 17. Bf1 a5 18. Qb1 Nd2 19. Qd3 Nxf1 20.
Rxf1 Qc8 21. e4 dxe4 22. Qxe4 Qd7 23. Rfe1 Rae8 24. Qb1 Bd5 25. Rxe7 Qxe7 26.
Ng2 b5 27. Ne3 Be4 28. Qd1 h6 29. a4 b4 30. Rc1 bxc3 31. Rxc3 Qb4 32. Rc4 Qa3
33. Qc1 Qd6 34. Qc3 Rb8 35. f4 $2 {Ui, ein bißchen zu weit. Die Grundreihe ist
so leer...} (35. f3 Bxf3 36. Qxa5 Rb1+ 37. Kf2 Bd5 38. Nxd5 cxd5 39. Rc8+)
35... Rb1+ {+0,96} 36. Kf2 Qe6 (36... Qg6 37. Nf1 Qh5 38. Qe3 Qh3 39. Rc1 Qg2+
$19) 37. f5 {-1,21} Bxf5 38. Rxc6 Qa2+ 39. Kf3 Bd7 (39... Rb3 $19 40. Qe1 Qxa4)
40. Ra6 (40. Rc8+ $1) 40... Qxh2 $2 {Das gibts doch nicht. Der Star wirft
erneut ein gewonnenes Endspiel einfach weg.} (40... Rb3 41. Qe1 Qc2 42. Ra8+
Kh7 43. Rxa5 Bc6+ 44. d5 Qf5+ 45. Ke2 Rb2+) 41. Ra8+ Kh7 42. Qd3+ g6 43. Qxb1
Bc6+ 44. d5 Bxa8 45. Qe1 Qh5+ 46. Ke4 f6 47. Qxa5 Qh1+ 48. Kd3 Qb1+ 49. Ke2
Qb2+ 50. Kf3 Qb7 51. Qd8 Kg7 52. a5 h5 53. Qd6 Qf7 54. a6 f5 55. Kf2 Qa7 56.
Ke2 Kh7 57. Ng2 Qd4 58. Qe7+ 1-0